[Event "Novosibirsk Seniors op"]
[Site "Novosibirsk"]
[Date "2010.10.02"]
[Round "8"]
[White "Khlebnikov, Vladimir"]
[Black "Migunov, Vladislav"]
[Result "0-1"]
[WhiteElo "1722"]
[BlackElo "1854"]
[PlyCount "74"]
[EventDate "2010.09.24"]
[EventType "swiss"]
[EventRounds "9"]
[EventCountry "RUS"]
[SourceTitle "EXT 2014"]
[Source "ChessBase"]
[SourceDate "2013.11.20"]
[SourceVersion "1"]
[SourceVersionDate "2013.11.20"]
[SourceQuality "1"]

1. e4 e5 2. Nf3 Nf6 3. d3 d6 4. h3 Nc6 5. Be3 Be7 6. Be2 d5 7. exd5 Nxd5 8. Bd2 0-0 9. a3 Nf4 10. Bxf4 exf4 11. Qd2 Bd6 12. Nc3 Qf6 13. 0-0-0 Bf5 14. Nd5 Qe6 15. Nc3 a6 16. Kb1 b5 17. Ng5 Qf6 18. Nge4 Qe7 19. Nxd6 Qxd6 20. Bf3 Be6 21. Ne4 Qe7 22. Nc3 Qd7 23. Qxf4 Rab8 24. d4 b4 25. Bxc6 bxc3 26. d5 Rxb2+ 27. Ka1 Qe7 28. Qa4 Bf5 29. Rhe1 Qc5 30. Re2 a5 31. Rde1 h6 32. Re8 Bxc2 33. Rxf8+ Kh7 34. Rb8 Bxa4 35. Rxb2 cxb2+ 36. Kxb2 Qc2+ 37. Ka1 Bb3 0-1

[Event "Novosibirsk Seniors op"]
[Site "Novosibirsk"]
[Date "2010.09.25"]
[Round "2"]
[White "Khlebnikov, Vladimir"]
[Black "Chaschin, Nikolay"]
[Result "1-0"]
[WhiteElo "1722"]
[BlackElo "1839"]
[PlyCount "119"]
[EventDate "2010.09.24"]
[EventType "swiss"]
[EventRounds "9"]
[EventCountry "RUS"]
[SourceTitle "EXT 2014"]
[Source "ChessBase"]
[SourceDate "2013.11.20"]
[SourceVersion "1"]
[SourceVersionDate "2013.11.20"]
[SourceQuality "1"]

1. e4 e5 2. Nf3 Nc6 3. Bb5 Nf6 4. 0-0 d6 5. h3 a6 6. Ba4 Nxe4 7. Bxc6+ bxc6 8. d4 f6 9. Re1 d5 10. dxe5 Be7 11. Be3 0-0 12. Nbd2 Nxd2 13. Qxd2 fxe5 14. Nxe5 Qd6 15. Bf4 Qf6 16. Nd3 Bd6 17. Bxd6 cxd6 18. c3 Bf5 19. Nb4 Bd7 20. Re3 a5 21. Nc2 Qg5 22. Rd1 Rf7 23. Rg3 Qxd2 24. Rxd2 Re7 25. Re3 Rae8 26. Rde2 Re4 27. f3 R4e5 28. Kf2 Kf7 29. Rd2 Rb8 30. Nd4 c5 31. Rxe5 dxe5 32. Nb3 c4 33. Nxa5 Rb5 34. Nxc4 Kf6 35. Ne3 Ke6 36. h4 Ra5 37. b3 Bc6 38. g4 Ra3 39. Kg3 Ra7 40. f4 exf4+ 41. Kxf4 Rf7+ 42. Nf5 g6 43. Re2+ Kd7 44. Re7+ Rxe7 45. Nxe7 Kxe7 46. Ke5 h6 47. g5 hxg5 48. hxg5 Kd7 49. Kf6 Kd6 50. Kxg6 d4 51. cxd4 Kd5 52. Kf6 Kxd4 53. g6 Bd5 54. g7 Kc3 55. Ke5 Bg8 56. Kd6 Kb4 57. Kc6 Bf7 58. Kd6 Bg8 59. Ke7 Ka3 60. Kf8 1-0